Материаловедение и технология конструкционных материалов: учебное пособие для вузов

Библиографические подробности
Другие авторы: Комаров О. С. Олег Сидорович (редактор)
Примечания:Данный учебник является третьим изданием учебника «Технология конструкционных материалов». Даны основные сведения о материаловедении черных и цветных металлов. Описаны традиционные способы обработки металлов (термическая, литьем, давлением, сваркой, резанием, электрохимическая, электрофизическая). Подробно рассмотрены новые технологические методы получения и обработки металлов, их технико-экономические характеристики и области применения. Качественные иллюстрации значительно облегчают усвоение материала. Третье издание дополнено материалом по свойствам металлов и методам их определения.Для студентов технических высших учебных заведений. Может быть полезен учащимся средних специальных учебных заведений.
Язык:русский
Опубликовано: Минск, Новое знание, 2009
Издание:3-е изд., испр. и доп.
Серии:Техническое образование
Предметы:
Формат: MixedMaterials Книга
Запись в KOHA:https://koha.lib.tpu.ru/cgi-bin/koha/opac-detail.pl?biblionumber=161834

MARC

LEADER 00000nam0a2200000 4500
001 161834
005 20231101222300.0
010 |a 9789854753553 
035 |a (RuTPU)RU\TPU\book\175502 
090 |a 161834 
100 |a 20090615d2009 m y0rusy50 ca 
101 0 |a rus 
102 |a BY 
105 |a a j 001zy 
200 1 |a Материаловедение и технология конструкционных материалов  |e учебное пособие для вузов  |f под ред. О. С. Комарова 
205 |a 3-е изд., испр. и доп. 
210 |a Минск  |c Новое знание  |d 2009 
215 |a 671 с.  |c ил. 
225 1 |a Техническое образование 
320 |a Библиогр.: с. 662. 
330 |a Данный учебник является третьим изданием учебника «Технология конструкционных материалов». Даны основные сведения о материаловедении черных и цветных металлов. Описаны традиционные способы обработки металлов (термическая, литьем, давлением, сваркой, резанием, электрохимическая, электрофизическая). Подробно рассмотрены новые технологические методы получения и обработки металлов, их технико-экономические характеристики и области применения. Качественные иллюстрации значительно облегчают усвоение материала. Третье издание дополнено материалом по свойствам металлов и методам их определения.Для студентов технических высших учебных заведений. Может быть полезен учащимся средних специальных учебных заведений. 
606 1 |a Материаловедение  |2 stltpush  |3 (RuTPU)RU\TPU\subj\41248  |9 61053 
606 1 |a Конструкционные металлы  |x Технология  |2 stltpush  |3 (RuTPU)RU\TPU\subj\58933  |9 76615 
610 1 |a металлы 
610 1 |a сплавы 
610 1 |a свойства 
610 1 |a строение 
610 1 |a железоуглеродистые сплавы 
610 1 |a диаграммы состояний 
610 1 |a термическая обработка 
610 1 |a химико-термическая обработка 
610 1 |a углеродистые стали 
610 1 |a легированные стали 
610 1 |a цветные металлы 
610 1 |a цветные сплавы 
610 1 |a композиционные материалы 
610 1 |a порошковая металлургия 
610 1 |a неметаллические материалы 
610 1 |a черные металлы 
610 1 |a производство 
610 1 |a черная металлургия 
610 1 |a цветная металлургия 
610 1 |a литейное производство 
610 1 |a отливки 
610 1 |a изготовление 
610 1 |a песчаные формы 
610 1 |a плавка 
610 1 |a литье 
610 1 |a специальные способы 
610 1 |a обработка давлением 
610 1 |a сварочное производство 
610 1 |a сварка давлением 
610 1 |a обработка резанием 
610 1 |a металлорежущие станки 
610 1 |a токарные станки 
610 1 |a сверлильные станки 
610 1 |a расточные станки 
610 1 |a фрезерные станки 
610 1 |a строгальные станки 
610 1 |a долбежные станки 
610 1 |a зубообрабатывающие станки 
610 1 |a протяжные станки 
610 1 |a шлифовальные станки 
610 1 |a поверхности 
610 1 |a отделочная обработка 
610 1 |a электрофизические методы 
610 1 |a электрохимические методы 
610 1 |a учебные пособия 
675 |a 620.22(075.8)  |v 3 
675 |a 669.018.29(075.8)  |v 3 
702 1 |a Комаров  |b О. С.  |g Олег Сидорович  |4 340 
801 1 |a RU  |b 63413507  |c 20090615  |g PSBO 
801 2 |a RU  |b 63413507  |c 20201119  |g RCR 
900 |a Неметаллические материалы 
900 |a Материаловедение 
942 |c BK 
959 |a 70/20090615  |d 13  |e 330,00  |f АНЛ:1  |f ЧЗТЛ:2  |f УФ:10